Сущность и основные требования закона стоимости; Тезисы докладов первой научной конференции кафедр общественных наук

Մատենագիտական մանրամասներ
Parent link:Тезисы докладов первой научной конференции кафедр общественных наук.— 1958.— С. 27-29
Հիմնական հեղինակ: Вяткин Г. В.
Լեզու:ռուսերեն
Հրապարակվել է: 1958
Խորագրեր:
Ձևաչափ: Գրքի գլուխ
KOHA link:https://koha.lib.tpu.ru/cgi-bin/koha/opac-detail.pl?biblionumber=590751

MARC

LEADER 00000naa0a2200000 4500
001 590751
005 20250623113058.0
035 |a (RuTPU)RU\TPU\tpu\144 
035 |a TPU00000144 
090 |a 590751 
100 |a 20011210d1958 k||y0rusy50 ca 
101 0 |a rus 
102 |a RU 
200 1 |a Сущность и основные требования закона стоимости  |f Г. В. Вяткин 
463 1 |t Тезисы докладов первой научной конференции кафедр общественных наук  |v С. 27-29  |d 1958 
610 1 |a политическая экономия 
610 1 |a история экономических учений 
610 1 |a труды учёных ТПУ 
700 1 |a Вяткин  |b Г. В. 
801 0 |a RU  |b 63413507  |c 20011210  |g PSBO 
801 2 |a RU  |b 63413507  |c 20050426  |g PSBO 
850 |a 63413507 
942 |c BK